[Event "Lichtenberger Sommer 2019"]
[Site "Berlin"]
[Date "2019.08.19"]
[Round "3.77"]
[White "Dittrich, Hans-Georg"]
[Black "Geiß, Anne"]
[Result "1-0"]
[WhiteElo "1722"]
[BlackElo "1393"]
[PlyCount "67"]
[EventDate "2019.??.??"]
[BlackTeam "Schachpinguine Berlin"]

1. e4 e5 2. Nf3 Nc6 3. Bc4 Bc5 4. c3 Nf6 5. d3 a6 6. Bb3 d5 7. Qe2 d4 8. h3 O-O
9. O-O h6 10. Nbd2 b5 11. a3 Re8 12. Rd1 Be6 13. Bc2 Nh5 14. Nf1 Qf6 15. Bd2
Rad8 16. Rac1 Bb6 17. Ng3 Nxg3 18. fxg3 Na5 19. cxd4 exd4 20. Rf1 Qe7 21. Nh4
Nc6 22. Qh5 Rd7 23. Nf5 Qf8 24. Bxh6 g6 25. Qg5 Qc5 26. Qf6 Qe5 27. Qg5 Qh8 28.
Nh4 Ne7 29. Rf6 Kh7 30. Rcf1 Qg8 31. Nf3 c5 32. Qh4 Kh8 33. Ng5 Qh7 34. Bg7+
1-0

[Event "Lichtenberger Sommer 2019"]
[Site "Berlin"]
[Date "2019.08.19"]
[Round "3.78"]
[White "Moeller, Jared William"]
[Black "Hildebrandt, Tom"]
[Result "1-0"]
[WhiteElo "1693"]
[BlackElo "1200"]
[PlyCount "57"]
[EventDate "2019.??.??"]
[WhiteTeam "SV Glückauf Rüdersdorf"]

1. e4 e5 2. Nf3 Nc6 3. Bb5 a6 4. Bxc6 dxc6 5. O-O Bd6 6. d4 Bg4 7. dxe5 Bxf3 8.
Qxf3 Bxe5 9. Rd1 Qf6 10. Qxf6 Bxf6 11. Nc3 Bxc3 12. bxc3 Rd8 13. Bf4 Nf6 14.
Bxc7 Rxd1+ 15. Rxd1 O-O 16. f3 h6 17. Kf2 Re8 18. Rd8 Rxd8 19. Bxd8 Kf8 20. Ke3
Ke8 21. Bxf6 gxf6 22. Kf4 Kf8 23. Kf5 Ke7 24. g3 b5 25. a3 c5 26. g4 a5 27. h3
b4 28. cxb4 cxb4 29. a4 1-0

[Event "Lichtenberger Sommer 2019"]
[Site "Berlin"]
[Date "2019.08.19"]
[Round "3.79"]
[White "Rehder, Frank"]
[Black "Dittrich, Hans-Jürgen"]
[Result "1-0"]
[WhiteElo "1793"]
[BlackElo "1284"]
[PlyCount "33"]
[EventDate "2019.??.??"]
[WhiteTeam "SC Zugzwang 95 (Berlin)"]
[BlackTeam "SC Eintracht Berlin"]

1. d4 d5 2. Nf3 e6 3. e3 Nf6 4. Bd3 Nc6 5. b3 Bd6 6. Bb2 h6 7. O-O O-O 8. Nbd2
Re8 9. Ne5 Bxe5 10. dxe5 Nd7 11. f4 Nc5 12. Bb5 Bd7 13. a3 Nxe5 14. Be2 Ng6 15.
Nf3 a6 16. Qd4 Ne4 17. Qxg7# 1-0

[Event "Lichtenberger Sommer 2019"]
[Site "Berlin"]
[Date "2019.08.19"]
[Round "3.80"]
[White "Lippianowski, Stefan"]
[Black "Jeß, Arne"]
[Result "0-1"]
[WhiteElo "1083"]
[BlackElo "1842"]
[PlyCount "44"]
[EventDate "2019.??.??"]
[WhiteTeam "Sv Mattnetz Berlin"]
[BlackTeam "TSG Fredersdorf/Vogelsdorf"]

1. e4 c5 2. Bc4 e6 3. Nf3 a6 4. Nc3 b5 5. Be2 Bb7 6. d4 cxd4 7. Nxd4 b4 8. Nxe6
dxe6 9. Qxd8+ Kxd8 10. Na4 Nd7 11. Bf3 Rc8 12. c3 Bc6 13. b3 Bxa4 14. bxa4 bxc3
15. O-O Bb4 16. a3 Ba5 17. Rd1 Ke7 18. Bf4 e5 19. Be3 Ngf6 20. Rd3 Nc5 21. Rdd1
c2 22. Rdc1 Nb3 0-1

[Event "Lichtenberger Sommer 2019"]
[Site "Berlin"]
[Date "2019.08.19"]
[Round "3.81"]
[White "Tschirschwitz, Stephan"]
[Black "Döring, Martin"]
[Result "0-1"]
[WhiteElo "1495"]
[BlackElo "1807"]
[PlyCount "78"]
[EventDate "2019.??.??"]
[WhiteTeam "Lasker Steglitz-Wilmersdorf"]
[BlackTeam "SC Weisse Dame"]

1. d4 Nf6 2. c4 e6 3. Nc3 d5 4. Bg5 Nbd7 5. cxd5 exd5 6. e3 c6 7. Bd3 Be7 8.
Nf3 O-O 9. O-O h6 10. Bh4 Re8 11. a3 Qb6 12. Rb1 Nf8 13. Ne5 N6d7 14. Bxe7 Rxe7
15. Nxd7 Bxd7 16. Na4 Qd8 17. Nc5 Bc8 18. b4 b6 19. Nb3 Rc7 20. Qh5 Nd7 21.
Rfc1 Nf6 22. Qh4 Qd6 23. f3 Be6 24. Qf2 Rd8 25. Qb2 Re8 26. Nd2 Kh8 27. e4 Qf4
28. e5 Nd7 29. Rc3 Qxd4+ 30. Kh1 Qxe5 31. Qc2 c5 32. g4 c4 33. Bf1 b5 34. Qc1
d4 35. Rc2 Nf6 36. Ra1 Bd5 37. Kg2 Nxg4 38. Kh3 Qxh2+ 39. Kxg4 Be6# 0-1

[Event "Lichtenberger Sommer 2019"]
[Site "Berlin"]
[Date "2019.08.19"]
[Round "3.82"]
[White "Fiß, Wolfgang"]
[Black "Fontaine, Constantin"]
[Result "1-0"]
[WhiteElo "1778"]
[BlackElo "1498"]
[PlyCount "98"]
[EventDate "2019.??.??"]
[WhiteTeam "SC Oranienburg"]
[BlackTeam "SK Tempelhof 1931"]

1. d4 g6 2. g3 Bg7 3. Bg2 c6 4. c3 Nf6 5. e4 d6 6. Ne2 O-O 7. O-O e5 8. dxe5
dxe5 9. Na3 Be6 10. b3 Qc8 11. Nc4 Bxc4 12. bxc4 Rd8 13. Qb3 Na6 14. Ba3 b6 15.
Rad1 Qg4 16. Qc2 c5 17. Bc1 Qe6 18. Rxd8+ Rxd8 19. Rd1 Rxd1+ 20. Qxd1 Qd7 21.
Qxd7 Nxd7 22. f4 Nc7 23. Bh3 Ne6 24. Kf2 exf4 25. gxf4 Nf6 26. Ke3 Nh5 27. e5
Nexf4 28. Nxf4 Nxf4 29. Bc8 Bxe5 30. Bd2 Ne6 31. Ke4 Bxh2 32. Kd5 Nf4+ 33. Kc6
Ne2 34. Kb7 f5 35. Kxa7 f4 36. Kxb6 f3 37. Bb7 f2 38. Bg2 Ng3 39. a4 f1=Q 40.
Bxf1 Nxf1 41. Bh6 Be5 42. a5 Bxc3 43. a6 Nd2 44. Bxd2 Bxd2 45. a7 h5 46. a8=Q+
Kh7 47. Qe4 Kh6 48. Kxc5 h4 49. Qxh4+ Kg7 1-0

[Event "Lichtenberger Sommer 2019"]
[Site "Berlin"]
[Date "2019.08.19"]
[Round "3.83"]
[White "Ettel, Ralf"]
[Black "Udet, Fabian"]
[Result "0-1"]
[WhiteElo "1471"]
[BlackElo "1684"]
[PlyCount "104"]
[EventDate "2019.??.??"]
[WhiteTeam "SK König Tegel"]
[BlackTeam "1. SC Anhalt"]

1. c4 Nc6 2. d4 d5 3. e3 e5 4. cxd5 Qxd5 5. Nc3 Bb4 6. Bd2 Bxc3 7. bxc3 Nf6 8.
c4 Qd6 9. d5 Nb8 10. Nf3 Nbd7 11. Bc3 O-O 12. Qc2 Re8 13. Be2 a6 14. Qb2 Ne4
15. Bb4 Ndc5 16. Nd2 Qg6 17. O-O-O Nxf2 18. Bxc5 Nxd1 19. Bxd1 Qxg2 20. Bf3 Qg5
21. Ne4 Qh6 22. d6 f5 23. Ng3 cxd6 24. Bd5+ Kh8 25. Bb6 Re7 26. Qf2 g6 27. h4
Be6 28. Bf3 Rf8 29. Kb2 Bxc4 30. Qd2 Rd7 31. h5 g5 32. Qc3 Be6 33. Rf1 g4 34.
Be2 Kg8 35. Ba5 Qg5 36. Bd3 h6 37. e4 f4 38. Nf5 Bxf5 39. exf5 Qxh5 40. Qb3+
Qf7 41. Qd1 h5 42. Bb4 Rc8 43. Rh1 Kg7 44. Qe1 Kh6 45. Qh4 Rg8 46. f6 Rg5 47.
Rc1 Qxf6 48. Rc8 Rd8 49. Rc7 Rb8 50. Qh1 Rg7 51. Rc2 h4 52. Bxd6 e4+ 0-1

[Event "Lichtenberger Sommer 2019"]
[Site "Berlin"]
[Date "2019.08.19"]
[Round "3.85"]
[White "Koppe, Cordelia"]
[Black "Kandeler, Christian"]
[Result "0-1"]
[WhiteElo "1436"]
[BlackElo "1650"]
[PlyCount "80"]
[EventDate "2019.??.??"]
[WhiteTeam "SV Rüdersdorf"]
[BlackTeam "TSG Oberschöneweide"]

1. d4 Nf6 2. c4 g6 3. Nc3 d5 4. e3 Bg7 5. Nf3 O-O 6. b3 c5 7. Be2 Nc6 8. Ba3
cxd4 9. exd4 Qa5 10. Bb2 Ne4 11. Rc1 dxc4 12. O-O Nxc3 13. Bxc3 Qb6 14. Bxc4
Bg4 15. d5 Ne5 16. Be2 Nxf3+ 17. Bxf3 Bxf3 18. Qxf3 Rfd8 19. Bd2 Rd7 20. Rfd1
Rad8 21. Be3 Qa5 22. Rc2 Rxd5 23. Rdc1 R5d7 24. g3 h5 25. Qe2 e6 26. h4 Rd5 27.
Bg5 R8d7 28. Rc8+ Kh7 29. a4 Qb4 30. Qf3 Rd3 31. Qe2 Qxb3 32. a5 Qb5 33. R8c5
Rxg3+ 34. Kf1 Rg1+ 35. Kxg1 Qxe2 36. Be3 Bd4 37. Bxd4 Rxd4 38. Rc7 Rg4+ 39. Kh2
Qxf2+ 40. Kh1 Qg2# 0-1

[Event "Lichtenberger Sommer 2019"]
[Site "Berlin"]
[Date "2019.08.19"]
[Round "3.87"]
[White "Heinrich, Bert"]
[Black "Stark, Steven"]
[Result "0-1"]
[WhiteElo "1575"]
[BlackElo "1443"]
[PlyCount "110"]
[EventDate "2019.??.??"]
[WhiteTeam "RW Neuenhagen"]
[BlackTeam "BSC Rehberge"]

1. b3 e5 2. Bb2 d6 3. e3 Be7 4. Bc4 Nf6 5. Ne2 O-O 6. O-O a6 7. Nbc3 c6 8. Ng3
d5 9. Bd3 Qc7 10. Nf5 Bc5 11. Na4 Ba7 12. Ba3 c5 13. Ng3 b5 14. Nc3 b4 15. Bb2
bxc3 16. Bxc3 Nc6 17. Nh5 Qd6 18. f4 Nxh5 19. Qxh5 e4 20. Be2 d4 21. Bb2 Ne7
22. g4 Bb7 23. c4 f5 24. Kf2 Bc6 25. Rg1 Be8 26. Qh3 Bg6 27. gxf5 Bxf5 28. Qg3
Bg6 29. h4 Qf6 30. h5 Nf5 31. Qg4 Bf7 32. Rab1 h6 33. Rh1 Be6 34. Qg2 Nd6 35.
Ba1 a5 36. Rbg1 Rf7 37. Qh2 Rc8 38. Rg6 Qe7 39. Rhg1 Rc7 40. Rxh6 Nf5 41. Rhg6
Rf6 42. h6 Rxg6 43. Rxg6 Kh7 44. Rg5 g6 45. Qh1 Bf7 46. Qg1 Nxh6 47. Qh1 Kg7
48. Re5 Qf6 49. Rxe4 Be6 50. Re5 Bg4 51. Rg5 Bxe2 52. Kxe2 Nf5 53. Qg1 Re7 54.
Qh1 Qxg5 55. Qf3 Qh5 0-1

[Event "Lichtenberger Sommer 2019"]
[Site "Berlin"]
[Date "2019.08.19"]
[Round "3.88"]
[White "Toth, Hans-Jürgen"]
[Black "Timm, Christian"]
[Result "0-1"]
[WhiteElo "1401"]
[BlackElo "1573"]
[PlyCount "34"]
[EventDate "2019.??.??"]
[WhiteTeam "SF Zehdenick"]
[BlackTeam "SV Herzberg"]

1. f4 e6 2. Nf3 Be7 3. e3 b6 4. d4 Bb7 5. Bb5 Nf6 6. Nc3 a6 7. Bd3 d6 8. O-O
O-O 9. Qe1 Nbd7 10. b3 Rc8 11. h3 c5 12. Qe2 cxd4 13. Nd1 Nh5 14. Qf2 dxe3 15.
Nxe3 Nxf4 16. Bxh7+ Kxh7 17. g3 Nxh3+ 0-1

[Event "Lichtenberger Sommer 2019"]
[Site "Berlin"]
[Date "2019.08.19"]
[Round "3.89"]
[White "Wieczorek, Martin"]
[Black "Paris, Gerhard"]
[Result "1-0"]
[WhiteElo "1565"]
[BlackElo "1384"]
[PlyCount "99"]
[EventDate "2019.??.??"]
[WhiteTeam "SK Dessau 93"]
[BlackTeam "TSG Oberschöneweide"]

1. d4 Nf6 2. c4 d6 3. Nf3 g6 4. g3 Bg7 5. Bg2 O-O 6. O-O c5 7. Nc3 Re8 8. h3
cxd4 9. Nxd4 Nbd7 10. b3 Rb8 11. Bb2 a6 12. e3 Nf8 13. Nde2 Bd7 14. Qc2 Qc8 15.
Nf4 e5 16. Nfd5 Nxd5 17. Nxd5 Bxh3 18. Rad1 Bxg2 19. Kxg2 Ne6 20. Ba3 Ng5 21.
Rh1 Qg4 22. Rde1 e4 23. Bb2 Qf3+ 24. Kg1 Qg4 25. Kf1 Qf3 26. Kg1 Qg4 27. Rc1
Nf3+ 28. Kf1 h5 29. Bxg7 Kxg7 30. Qb2+ Ne5 31. Rh4 Qg5 32. Rxe4 Kh6 33. Qe2 Qf5
34. Rh4 Qd3 35. Qxd3 Nxd3 36. Rd1 Ne5 37. Rf4 Rf8 38. Rf6 Nd7 39. Rxd6 Nc5 40.
Nf6 Rh8 41. Nd7 Nxd7 42. Rxd7 Kg7 43. Ke2 h4 44. gxh4 Rxh4 45. Re7 b5 46. c5 a5
47. Rdd7 Rf8 48. Rb7 Kf6 49. Rec7 b4 50. Ra7 1-0

[Event "Lichtenberger Sommer 2019"]
[Site "Berlin"]
[Date "2019.08.19"]
[Round "3.90"]
[White "Theilig, Reinhard"]
[Black "Kultscher, Christian"]
[Result "1/2-1/2"]
[WhiteElo "1560"]
[BlackElo "1366"]
[PlyCount "53"]
[EventDate "2019.??.??"]
[WhiteTeam "VfB Hermsdorf"]
[BlackTeam "1. SC Anhalt"]

1. Nf3 d5 2. c4 d4 3. g3 Nc6 4. d3 e5 5. Bg2 Bb4+ 6. Bd2 Bxd2+ 7. Nbxd2 f5 8.
Qa4 Bd7 9. Qb3 Rb8 10. O-O Nf6 11. c5 Qe7 12. Rac1 Be6 13. Qa3 O-O 14. b4 a6
15. e3 dxe3 16. fxe3 Rfd8 17. Nh4 Qd7 18. Nc4 Qxd3 19. Qxd3 Rxd3 20. Bxc6 Bxc4
21. Rxc4 bxc6 22. Nxf5 Nd5 23. Rg4 g6 24. Nh6+ Kh8 25. Nf7+ Kg7 26. Nxe5 Nxe3
27. Nxd3 1/2-1/2

[Event "Lichtenberger Sommer 2019"]
[Site "Berlin"]
[Date "2019.08.19"]
[Round "3.91"]
[White "Fricke, Janek Konrad"]
[Black "Direktor, Paul"]
[Result "0-1"]
[WhiteElo "1536"]
[BlackElo "1350"]
[PlyCount "62"]
[EventDate "2019.??.??"]
[WhiteTeam "SV Empor Berlin"]
[BlackTeam "SK Neuburg"]

1. e4 e5 2. Nf3 Nf6 3. d3 Nc6 4. h3 d5 5. Nbd2 dxe4 6. dxe4 Bc5 7. Bb5 Qd6 8.
Qe2 a6 9. Bxc6+ Qxc6 10. Nxe5 Qa4 11. Qc4 Qxc4 12. Nexc4 Be6 13. O-O Bxc4 14.
Nxc4 Nxe4 15. Re1 Bxf2+ 16. Kf1 Bxe1 17. Kxe1 O-O-O 18. Be3 Rhe8 19. Ke2 Rd7
20. a4 f5 21. Kf3 h6 22. h4 g5 23. g3 g4+ 24. Kg2 h5 25. Ra3 Nd6 26. Nxd6+ Rxd6
27. Kf2 Rde6 28. Rc3 f4 29. gxf4 g3+ 30. Kf3 g2 31. f5 Rxe3+ 0-1

[Event "Lichtenberger Sommer 2019"]
[Site "Berlin"]
[Date "2019.08.19"]
[Round "3.92"]
[White "Morczynski, Ryszard"]
[Black "Wilke, Hans-Peter"]
[Result "1/2-1/2"]
[WhiteElo "1304"]
[BlackElo "1523"]
[PlyCount "82"]
[EventDate "2019.??.??"]
[WhiteTeam "SK Zehlendorf"]
[BlackTeam "Läufer Reinickendorf"]

1. e4 c5 2. Nf3 d6 3. d4 cxd4 4. Qxd4 Nc6 5. Bb5 Bd7 6. Bxc6 Bxc6 7. Nc3 Nf6 8.
Bg5 e5 9. Qd3 Be7 10. Bxf6 Bxf6 11. O-O-O Be7 12. Kb1 O-O 13. h4 Rc8 14. Nd5
Bxd5 15. exd5 Qc7 16. Ng5 g6 17. Rc1 Qc4 18. Qd2 h5 19. f3 Rc5 20. Rcd1 Rfc8
21. c3 Qf4 22. Ne4 Qxd2 23. Rxd2 R5c7 24. g3 f5 25. Ng5 Bxg5 26. hxg5 Rc4 27.
Rh4 Rxh4 28. gxh4 Rc4 29. Rh2 Kf7 30. Kc2 Rf4 31. Rh3 e4 32. fxe4 Rxe4 33. Kd3
Ke7 34. Re3 Rxe3+ 35. Kxe3 Kd7 36. b4 b5 37. Kf4 Kc7 38. Ke3 Kb6 39. Kf4 a5 40.
a3 axb4 41. axb4 Kc7 1/2-1/2

[Event "Lichtenberger Sommer 2019"]
[Site "Berlin"]
[Date "2019.08.19"]
[Round "3.93"]
[White "Caglar, Erdal"]
[Black "Lange, Christoph"]
[Result "1-0"]
[WhiteElo "1514"]
[BlackElo "1306"]
[PlyCount "117"]
[EventDate "2019.??.??"]
[WhiteTeam "SW Lichtenrade"]
[BlackTeam "TSG Oberschöneweide"]

1. e4 c6 2. Nf3 d5 3. exd5 cxd5 4. d4 Bf5 5. Nc3 e6 6. Bb5+ Nc6 7. O-O Nf6 8.
Bg5 Be7 9. Re1 O-O 10. h3 h6 11. Bf4 Rc8 12. a3 a6 13. Bd3 Bxd3 14. Qxd3 Re8
15. Qd2 Bd6 16. Bxd6 Qxd6 17. Ne5 Qc7 18. Nxc6 Qxc6 19. Rac1 b5 20. f3 Qb6 21.
Kh1 Rc4 22. Ne2 Rec8 23. b3 R4c6 24. Nf4 Qc7 25. Re2 Qd7 26. Nd3 R8c7 27. Ne5
Qc8 28. Nxc6 Rxc6 29. a4 bxa4 30. bxa4 Rc4 31. Ra1 Qd7 32. a5 Qc7 33. Qd3 Ne8
34. Qb3 Rxd4 35. Qb6 Qxb6 36. axb6 Rb4 37. Rxa6 Nd6 38. Re3 Rb2 39. Rb3 Rxc2
40. b7 Nxb7 41. Rxb7 Rc8 42. Raa7 Rf8 43. Rd7 g6 44. Kg1 Kg7 45. Kf2 Kf6 46.
Ke3 g5 47. g3 h5 48. g4 h4 49. Kd4 Kg6 50. Ke5 Kg7 51. f4 gxf4 52. Kxf4 Kf6 53.
g5+ Kg6 54. Kg4 f5+ 55. Kf4 e5+ 56. Kxe5 f4 57. Rg7+ Kh5 58. Rh7+ Kg6 59. Rag7#
1-0

[Event "Lichtenberger Sommer 2019"]
[Site "Berlin"]
[Date "2019.08.19"]
[Round "3.94"]
[White "Motsch, Sebastian"]
[Black "Kirves, Martin"]
[Result "1-0"]
[WhiteElo "1275"]
[BlackElo "1498"]
[PlyCount "65"]
[EventDate "2019.??.??"]
[BlackTeam "BSC Rehberge"]

1. e4 e6 2. d4 d5 3. Nc3 Nf6 4. e5 Nfd7 5. f4 c5 6. Nf3 Nc6 7. Be3 Be7 8. Qd2
a6 9. dxc5 Nxc5 10. a3 b5 11. b4 Nd7 12. Qf2 O-O 13. Bd3 f6 14. Qg3 Qc7 15. Qh3
f5 16. Ne2 Nb6 17. O-O Nc4 18. Bd4 Nxd4 19. Nexd4 Bd7 20. Kh1 a5 21. c3 axb4
22. cxb4 Nxa3 23. Rac1 Nc4 24. Qh5 Qa7 25. g4 Ne3 26. Rg1 Nxg4 27. Rxg4 Be8 28.
Qh3 Qa3 29. Rcg1 g6 30. R4g3 Qxd3 31. Ng5 Bxg5 32. Rxd3 Bxf4 33. Nxe6 1-0

[Event "Lichtenberger Sommer 2019"]
[Site "Berlin"]
[Date "2019.08.20"]
[Round "4.21"]
[White "Guder, Sibylle"]
[Black "Nohr, Jonas"]
[Result "0-1"]
[WhiteElo "1893"]
[BlackElo "2126"]
[PlyCount "100"]
[EventDate "2019.??.??"]
[WhiteTeam "SF 1903 Berlin"]
[BlackTeam "Königsjäger Süd-West"]

1. e4 e6 2. d4 d5 3. exd5 exd5 4. Bd3 Bd6 5. h3 Nf6 6. Nf3 Nc6 7. c3 h6 8. O-O
O-O 9. Be3 Re8 10. a3 Be6 11. Nbd2 Qd7 12. Re1 Bf5 13. Bxf5 Qxf5 14. Nh4 Qh7
15. b3 Rad8 16. Qb1 Ne4 17. Nxe4 dxe4 18. g3 f5 19. Ng2 Qg6 20. Kh2 Qf7 21. b4
Ne7 22. Qa2 Nd5 23. c4 Nf6 24. c5 Bf8 25. Qxf7+ Kxf7 26. a4 g5 27. Kg1 Bg7 28.
Rad1 Nd5 29. Rb1 Kg6 30. b5 Rf8 31. b6 axb6 32. cxb6 cxb6 33. Rec1 Kh7 34. Rb3
Ra8 35. Ra1 f4 36. gxf4 gxf4 37. Nxf4 Nxf4 38. Rxb6 Ne2+ 39. Kg2 Nxd4 40. Bxd4
Bxd4 41. Rxb7+ Kg6 42. Ra2 Kf5 43. a5 Rg8+ 44. Kf1 Rgb8 45. Rf7+ Ke6 46. Rh7
Rb1+ 47. Ke2 Rf8 48. Rxh6+ Ke7 49. Rh7+ Ke8 50. f3 Rxf3 0-1

[Event "Lichtenberger Sommer 2019"]
[Site "Berlin"]
[Date "2019.08.20"]
[Round "4.22"]
[White "Karyah, Thomas"]
[Black "Mertens, Fridolin"]
[Result "0-1"]
[WhiteElo "1870"]
[BlackElo "2113"]
[PlyCount "88"]
[EventDate "2019.??.??"]
[WhiteTeam "SC Zugzwang 95 (Berlin)"]
[BlackTeam "SG 1871 Löberitz"]

1. c4 e5 2. g3 Nf6 3. Bg2 h6 4. Nc3 c6 5. e4 d6 6. Nge2 Be6 7. d3 Be7 8. f4
exf4 9. Nxf4 Bg4 10. Qb3 Qb6 11. Qxb6 axb6 12. h3 Bc8 13. b3 Na6 14. O-O g5 15.
Nfe2 Nc5 16. Na4 Nxd3 17. Nxb6 Nxc1 18. Nxc1 Rb8 19. Nxc8 Rxc8 20. Nd3 Nd7 21.
Rae1 Bf6 22. Bf3 Ra8 23. Re2 h5 24. g4 h4 25. Bg2 Bd4+ 26. Kh1 Ke7 27. Ne1 f6
28. Nf3 Be5 29. Rd1 Nc5 30. Nxe5 dxe5 31. Red2 Rhd8 32. Rxd8 Rxd8 33. Rxd8 Kxd8
34. Kg1 Nd3 35. a4 c5 36. Bf3 Kc7 37. Be2 Nc1 38. Bd1 Kb6 39. Kf2 Ka5 40. Ke3
Kb4 41. Kd2 Nxb3+ 42. Kd3 Na5 43. Bc2 Nxc4 44. Bd1 Nb2+ 0-1

[Event "Lichtenberger Sommer 2019"]
[Site "Berlin"]
[Date "2019.08.20"]
[Round "4.24"]
[White "Jeß, Arne"]
[Black "Dathe, Frederick"]
[Result "1/2-1/2"]
[WhiteElo "1842"]
[BlackElo "2110"]
[PlyCount "58"]
[EventDate "2019.??.??"]
[WhiteTeam "TSG Fredersdorf/Vogelsdorf"]
[BlackTeam "SC Kreuzberg"]

1. e4 d5 2. exd5 Qxd5 3. Nc3 Qd6 4. h3 Nf6 5. Nf3 g6 6. Bc4 Bg7 7. O-O O-O 8.
d3 a6 9. a4 b6 10. Qe2 Bb7 11. Re1 Nc6 12. Ne4 Nxe4 13. dxe4 e5 14. c3 h6 15.
b4 Qf6 16. Bd5 Nd8 17. Bxb7 Nxb7 18. Bb2 Qe6 19. c4 c5 20. b5 Rfe8 21. Qc2 g5
22. Red1 a5 23. Rd5 f6 24. Rad1 Rad8 25. Rxd8 Rxd8 26. Rxd8+ Nxd8 27. Qd3 Nf7
28. Nd2 Nd6 29. g4 Bf8 1/2-1/2

[Event "Lichtenberger Sommer 2019"]
[Site "Berlin"]
[Date "2019.08.20"]
[Round "4.25"]
[White "Neuwald, Volker"]
[Black "Kornrumpf, Joachim"]
[Result "0-1"]
[WhiteElo "1774"]
[BlackElo "2099"]
[PlyCount "74"]
[EventDate "2019.??.??"]
[WhiteTeam "SK Ottenau"]
[BlackTeam "Preetzer TSV"]

1. c4 c5 2. Nf3 Nf6 3. g3 b6 4. Bg2 Bb7 5. O-O e6 6. Nc3 Be7 7. e3 d5 8. cxd5
Nxd5 9. Nxd5 Bxd5 10. d4 O-O 11. Bd2 Nd7 12. Bc3 Rc8 13. Qa4 c4 14. a3 a5 15.
Rfc1 Bc6 16. Qd1 b5 17. Qe1 Ra8 18. Kf1 Qb6 19. Ng1 Bxg2+ 20. Kxg2 b4 21. axb4
axb4 22. Bd2 Rxa1 23. Rxa1 Nf6 24. f3 Rc8 25. Ne2 Qb5 26. Kf2 Nd5 27. Rc1 Nb6
28. Qd1 Na4 29. Qc2 Nb6 30. Qb1 Ra8 31. Kg2 c3 32. bxc3 Qxe2+ 33. Kh3 Qxd2 34.
Rc2 Qxe3 35. cxb4 Qxf3 36. Qe1 Nd5 37. Qe5 Ne3 0-1

[Event "Lichtenberger Sommer 2019"]
[Site "Berlin"]
[Date "2019.08.20"]
[Round "4.26"]
[White "Vollmar, Torsten"]
[Black "Braeunlin, Herbert"]
[Result "0-1"]
[WhiteElo "1764"]
[BlackElo "2091"]
[PlyCount "136"]
[EventDate "2019.??.??"]
[WhiteTeam "BSV 63 Chemie Weißensee"]

1. e4 c5 2. Nc3 e6 3. g3 d5 4. d3 dxe4 5. dxe4 Qxd1+ 6. Nxd1 Bd7 7. Bd2 Bc6 8.
f3 Nd7 9. Nc3 a6 10. Nge2 h5 11. Bg2 Be7 12. h4 Ngf6 13. Nf4 Ne5 14. O-O-O Nc4
15. Nd3 Nxd2 16. Rxd2 Nd7 17. f4 c4 18. Ne1 Bc5 19. Nd1 c3 20. bxc3 Ba3+ 21.
Kb1 O-O-O 22. Nf3 Bxe4 23. Nd4 Bxg2 24. Rxg2 Nb6 25. Nb3 Nc4 26. Re2 Rd6 27.
Ne3 Rhd8 28. Nd4 b5 29. Nd1 Bc5 30. Ne3 Nxe3 31. Rxe3 Bxd4 32. cxd4 Rxd4 33.
Rhe1 Rd1+ 34. Rxd1 Rxd1+ 35. Kb2 g6 36. Rc3+ Kb7 37. Re3 Kb6 38. Rc3 a5 39. a3
Rd5 40. Kb3 e5 41. fxe5 Rxe5 42. Rf3 Re7 43. Kb2 Kc5 44. Rc3+ Kd4 45. Rd3+ Ke4
46. Rb3 Rb7 47. Rd3 Rb6 48. Rd7 f6 49. Rd3 g5 50. hxg5 fxg5 51. Kb3 Rc6 52. Kb2
h4 53. gxh4 gxh4 54. Rh3 Rh6 55. Kb3 Kf4 56. c4 bxc4+ 57. Kxc4 Kg4 58. Rd3 h3
59. Rd4+ Kf3 60. Rd1 h2 61. Kb5 Rh5+ 62. Ka4 h1=Q 63. Rxh1 Rxh1 64. Kxa5 Ke4
65. Kb5 Rb1+ 66. Kc4 Ke5 67. Kc5 Ke6 68. Kc6 Ra1 0-1

[Event "Lichtenberger Sommer 2019"]
[Site "Berlin"]
[Date "2019.08.20"]
[Round "4.27"]
[White "Bui, Bao Anh Le"]
[Black "Baranowsky, Peter"]
[Result "1-0"]
[WhiteElo "2087"]
[BlackElo "1889"]
[PlyCount "75"]
[EventDate "2019.??.??"]
[WhiteTeam "SV Mattnetz Berlin"]
[BlackTeam "SF 1903 Berlin"]

1. e4 e6 2. d4 d5 3. Nc3 Bb4 4. a3 Bxc3+ 5. bxc3 Ne7 6. e5 c5 7. Qg4 O-O 8. Nf3
Nbc6 9. Bd3 f5 10. exf6 Rxf6 11. Bg5 Rf7 12. Bh4 e5 13. Bxh7+ Kxh7 14. Ng5+ Kg8
15. Qh5 g6 16. Qh8+ Kxh8 17. Nxf7+ Kg7 18. Nxd8 cxd4 19. cxd4 Nf5 20. Nxc6 bxc6
21. Bg3 Nxg3 22. hxg3 exd4 23. O-O-O c5 24. Rhe1 Kf7 25. Re5 Be6 26. Rde1 Re8
27. Kd2 c4 28. f4 a5 29. g4 Bd7 30. Rxe8 Bxe8 31. Re5 Bc6 32. f5 gxf5 33. gxf5
Bb7 34. g4 Kf6 35. Re6+ Kg5 36. Rg6+ Kf4 37. f6 Ke5 38. f7 1-0

[Event "Lichtenberger Sommer 2019"]
[Site "Berlin"]
[Date "2019.08.20"]
[Round "4.28"]
[White "Sabrowski, Uwe"]
[Black "Willich, Manfred"]
[Result "1-0"]
[WhiteElo "2073"]
[BlackElo "1871"]
[PlyCount "89"]
[EventDate "2019.??.??"]
[WhiteTeam "SV Berolina Mitte"]
[BlackTeam "SK Turm Bad Hersfeld"]

1. d4 Nf6 2. c4 e6 3. Nc3 Bb4 4. Bd2 O-O 5. Nf3 b6 6. e3 Bb7 7. Bd3 d5 8. O-O
a5 9. a3 Be7 10. Qe2 Ne4 11. Rfd1 Nd7 12. Rac1 c5 13. cxd5 exd5 14. Be1 Nxc3
15. Bxc3 c4 16. Bb1 b5 17. Ne5 Bd6 18. Qh5 Nf6 19. Qe2 Re8 20. f3 Qe7 21. Re1
b4 22. axb4 axb4 23. Bd2 Ba6 24. Qf2 b3 25. Qh4 h6 26. Bc3 Nd7 27. Qxe7 Rxe7
28. Nxd7 Rxd7 29. e4 dxe4 30. fxe4 Rb8 31. e5 Bb4 32. Bf5 Bxc3 33. bxc3 Rdd8
34. Ra1 Bc8 35. Be4 Be6 36. Ra5 b2 37. Rb1 Rb3 38. d5 Bg4 39. Kf2 f5 40. Bc2
Rxc3 41. Rxb2 f4 42. Bg6 Rb3 43. Rxb3 cxb3 44. Rb5 Bd1 45. e6 1-0

[Event "Lichtenberger Sommer 2019"]
[Site "Berlin"]
[Date "2019.08.20"]
[Round "4.29"]
[White "Jansen, Robert"]
[Black "Heuser, Philip"]
[Result "0-1"]
[WhiteElo "1746"]
[BlackElo "2064"]
[PlyCount "72"]
[EventDate "2019.??.??"]
[WhiteTeam "SC Kreuzberg"]
[BlackTeam "Münchener SC"]

1. d4 Nf6 2. c4 e6 3. Nc3 d5 4. e3 c6 5. Nf3 Nbd7 6. cxd5 exd5 7. Bd3 Bd6 8.
O-O O-O 9. Re1 Re8 10. e4 dxe4 11. Nxe4 Nxe4 12. Rxe4 Rxe4 13. Bxe4 Qe7 14. Bc2
Nb6 15. Bg5 f6 16. Qd3 g6 17. Re1 Qf7 18. Bh6 Bf5 19. Qb3 Bxc2 20. Qxc2 Qxa2
21. g4 Qd5 22. Qd3 Nd7 23. h4 Ne5 24. Nxe5 Bxe5 25. Be3 Bd6 26. Bh6 Rd8 27. Qe3
Bf8 28. Bxf8 Rxf8 29. Rd1 Rd8 30. Qe7 Qd7 31. Qxf6 Qxg4+ 32. Kh2 Rf8 33. f3
Qxf3 34. Qe6+ Qf7 35. Qe5 Qf2+ 36. Kh3 Rf3+ 0-1

[Event "Lichtenberger Sommer 2019"]
[Site "Berlin"]
[Date "2019.08.20"]
[Round "4.30"]
[White "Meyer-Dunker, Paul"]
[Black "Kievelitz, Bernd"]
[Result "1-0"]
[WhiteElo "2064"]
[BlackElo "1850"]
[PlyCount "43"]
[EventDate "2019.??.??"]
[WhiteTeam "TSG Oberschöneweide"]
[BlackTeam "SC Zitadelle Spandau"]

1. e4 c5 2. Nf3 e6 3. c3 Nf6 4. d3 d6 5. Nbd2 Be7 6. Be2 O-O 7. Nf1 Nc6 8. Ng3
Qc7 9. O-O d5 10. Qc2 Bd7 11. Be3 Ng4 12. d4 Nxe3 13. fxe3 dxe4 14. Nxe4 f5 15.
Nxc5 Bxc5 16. dxc5 Ne5 17. Nxe5 Qxe5 18. Qd2 Qxc5 19. Qxd7 Qxe3+ 20. Rf2 Rad8
21. Qxb7 Rd2 22. Qf3 1-0

[Event "Lichtenberger Sommer 2019"]
[Site "Berlin"]
[Date "2019.08.20"]
[Round "4.31"]
[White "Schilly, Hans-Joachim"]
[Black "Kapr, Klaus"]
[Result "1/2-1/2"]
[WhiteElo "1739"]
[BlackElo "2031"]
[PlyCount "55"]
[EventDate "2019.??.??"]
[WhiteTeam "SF Siemensstadt"]
[BlackTeam "SC Friesen Lichtenberg"]

1. c4 e5 2. Nc3 c5 3. Nf3 Nc6 4. g3 d6 5. Bg2 f5 6. d3 Nf6 7. O-O Be7 8. a3 O-O
9. Rb1 a5 10. Bd2 Be6 11. Ng5 Bd7 12. Nd5 g6 13. Nxe7+ Qxe7 14. b4 axb4 15.
axb4 cxb4 16. Bxb4 Nxb4 17. Rxb4 Bc6 18. Qb3 Nd7 19. Bxc6 bxc6 20. Nf3 Rfb8 21.
Rb1 Rxb4 22. Qxb4 Rb8 23. Qe1 c5 24. Nd2 Qf6 25. Qd1 Qd8 26. Qa4 Ra8 27. Qc6
Nf6 28. Rb2 1/2-1/2